| 000 | 00422pab a2200157 454500 | ||
|---|---|---|---|
| 008 | 180718b2001 xxu||||| |||| 00| 0 eng d | ||
| 100 | _aEashvaraiah, P. | ||
| 245 | _aLiberalisation, the state and agriculture in India | ||
| 260 | _c2001 | ||
| 300 | _ap.331-45 | ||
| 650 | _aLiberalization - India | ||
| 650 | _aAgriculture - India | ||
| 650 | _aAgriculture | ||
| 773 | _aJournal of Contemporary Asia | ||
| 909 | _a49388 | ||
| 999 |
_c49388 _d49388 |
||